[Event "SVR-op 30th"]
[Site "Nickenich"]
[Date "2007.03.31"]
[Round "1"]
[White "Liesenfeld, Holger"]
[Black "Mueller, Jakob"]
[Result "1-0"]
[WhiteElo "1874"]
[BlackElo "1301"]
[PlyCount "89"]
[EventDate "2007.03.31"]
[EventType "swiss"]
[EventRounds "7"]
[EventCountry "GER"]
[SourceTitle "EXT 2009"]
[Source "ChessBase"]
[SourceDate "2008.11.26"]
[SourceVersion "1"]
[SourceVersionDate "2008.11.26"]
[SourceQuality "1"]

1. Nf3 e6 2. c4 c5 3. g3 Nc6 4. Bg2 Nf6 5. b3 d5 6. Bb2 Bd6 7. 0-0 0-0 8. e3 Re8 9. Qe2 e5 10. cxd5 Nxd5 11. e4 Nf6 12. Na3 Bg4 13. Nc4 Nd4 14. Bxd4 exd4 15. d3 Bc7 16. Qc2 b5 17. Na3 b4 18. Nc4 Nd7 19. h3 Bh5 20. Nh4 Nb6 21. f4 Rc8 22. Nd2 Bb8 23. Rae1 g5 24. Nf5 Bg6 25. fxg5 Qxg5 26. Nf3 Qd8 27. N3h4 Bxg3 28. Nxg6 Bxe1 29. Nh6+ Kg7 30. Nxf7 Qc7 31. Nge5 Bg3 32. Qe2 Re7 33. Qg4+ Kf8 34. Nd6+ Rf7 35. Rxf7+ Qxf7 36. Nexf7 Bxd6 37. Nxd6 Rd8 38. Qf5+ Ke7 39. e5 Rf8 40. Qxh7+ Ke6 41. Qxa7 Nd7 42. Nc4 Rf5 43. Qa6+ Ke7 44. Qd6+ Ke8 45. Qe6+ 1-0